000
00208 a2200097 4500
001
30156
100
_a
245
_a
Modern World Fiction
260
_a
England
_b
Columbia University
_c
090
_c
20099
_d
20099
942
_a
NUST-CAE
_c
_c
11224
999
_c
265229
_d
265229